[Event "First Saturday 2009 februar GM"]
[Site "Budapest"]
[Date "2009.02.14"]
[Round "8"]
[White "Kosic, Dragan"]
[Black "Banusz, Tamas"]
[Result "1/2-1/2"]
[WhiteElo "2521"]
[BlackElo "2501"]
[PlyCount "33"]
[EventDate "2009.02.07"]

1. d4 Nf6 2. Nf3 d5 3. c4 e6 4. Bg5 c6 5. Qc2 Nbd7 6. Nbd2 Be7 7. g3 O-O 8. Bg2
h6 9. Bxf6 Nxf6 10. O-O b6 11. e4 Bb7 12. e5 Nd7 13. cxd5 cxd5 14. Rfc1 Rc8 15.
Qb3 Nb8 16. Bf1 Qd7 17. Bb5 1/2-1/2

[Event "First Saturday 2009 februar GM"]
[Site "Budapest"]
[Date "2009.02.15"]
[Round "9"]
[White "Konnyu, Janos"]
[Black "Kosic, Dragan"]
[Result "0-1"]
[WhiteElo "2405"]
[BlackElo "2521"]
[PlyCount "90"]
[EventDate "2009.02.07"]

1. c4 e5 2. Nc3 c5 3. g3 Nc6 4. Bg2 g6 5. d3 Bg7 6. e3 Nge7 7. Nge2 d6 8. O-O
O-O 9. Nd5 Nxd5 10. cxd5 Ne7 11. Rb1 b5 12. b4 cxb4 13. Rxb4 Bd7 14. d4 a5 15.
Rb1 Rc8 16. dxe5 Bxe5 17. Bb2 Bxb2 18. Rxb2 Rc5 19. Nf4 Qc7 20. e4 Nc8 21. Nd3
Rc3 22. Re1 b4 23. e5 Bf5 24. exd6 Nxd6 25. Ne5 Nc4 26. Nxc4 Qxc4 27. d6 Rd3
28. Rd2 Rd8 29. Bf1 Rxd2 30. Bxc4 Rxd1 31. Rxd1 Kg7 32. Rd2 Kf6 33. f4 Bd7 34.
Kf2 Rc8 35. Rd4 Be6 36. Ba6 Rc2+ 37. Ke3 Bd7 38. Bc4 Rxh2 39. Re4 Rc2 40. Kd3
Bf5 41. Kxc2 Bxe4+ 42. Kb3 Bc6 43. g4 h5 44. gxh5 gxh5 45. Be2 h4 0-1

[Event "First Saturday 2009 februar GM"]
[Site "Budapest"]
[Date "2009.02.15"]
[Round "9"]
[White "Ilincic, Zlatko"]
[Black "Ludwig, Daniel"]
[Result "0-1"]
[WhiteElo "2555"]
[BlackElo "2421"]
[PlyCount "128"]
[EventDate "2009.02.07"]

1. d4 d5 2. c4 c6 3. Nf3 Nf6 4. e3 Bf5 5. Nc3 e6 6. Nh4 Bg6 7. a3 Nbd7 8. g3
Be7 9. b3 Bh5 10. Be2 Bxe2 11. Qxe2 O-O 12. Bb2 Qb6 13. Qc2 c5 14. cxd5 cxd4
15. exd4 Rac8 16. dxe6 Qxe6+ 17. Qe2 Qxb3 18. O-O Rfe8 19. Rfc1 Nb6 20. Nd1
Rxc1 21. Bxc1 Bxa3 22. Rxa3 Rxe2 23. Rxb3 Re1+ 24. Kg2 Rxd1 25. Ba3 Rxd4 26.
Bc5 Rd7 27. Bxb6 axb6 28. Rxb6 Kf8 29. Kf3 Nd5 30. Rb3 g6 31. Ng2 Ke7 32. Ne3
Nxe3 33. Kxe3 Kd6 34. Rb1 Kc7 35. Rc1+ Kb8 36. Rb1 Rd6 37. g4 b6 38. h4 Kb7 39.
f4 Re6+ 40. Kf3 Re7 41. h5 Kc6 42. Rc1+ Kd5 43. Rd1+ Kc4 44. Rc1+ Kd3 45. Rd1+
Kc2 46. Rd8 gxh5 47. gxh5 Rb7 48. Rh8 b5 49. Rxh7 b4 50. Rg7 b3 51. Rg2+ Kd3
52. h6 f5 53. Rg7 Rb8 54. Rd7+ Kc4 55. Rc7+ Kb4 56. Rc1 b2 57. Rh1 Kc3 58. h7
Rh8 59. Ke3 Kc4 60. Rb1 Rxh7 61. Rxb2 Rh3+ 62. Kd2 Rh2+ 63. Kc1 Rxb2 64. Kxb2
Kd3 0-1

[Event "First Saturday 2009 februar GM"]
[Site "Budapest"]
[Date "2009.02.15"]
[Round "9"]
[White "Duong, The Anh"]
[Black "Wittmann, Walter"]
[Result "1/2-1/2"]
[WhiteElo "2418"]
[BlackElo "2269"]
[PlyCount "36"]
[EventDate "2009.02.07"]

1. d4 d5 2. Nf3 Nf6 3. c4 e6 4. g3 dxc4 5. Bg2 c6 6. Ne5 Nbd7 7. Nxc4 Nb6 8.
Nxb6 Qxb6 9. O-O Be7 10. Na3 O-O 11. Nc4 Qa6 12. Qc2 Rd8 13. e3 Bd7 14. Rd1 Be8
15. Bd2 Rac8 16. b4 b6 17. a4 Qb7 18. b5 Qb8 1/2-1/2

[Event "First Saturday 2009 februar GM"]
[Site "Budapest"]
[Date "2009.02.15"]
[Round "9"]
[White "Nguyen, Huynh M.H"]
[Black "Farago, Ivan"]
[Result "1/2-1/2"]
[WhiteElo "2465"]
[BlackElo "2482"]
[PlyCount "122"]
[EventDate "2009.02.07"]

1. d4 e6 2. c4 Nf6 3. Nf3 d5 4. Nc3 Bb4 5. Qa4+ Nc6 6. a3 Bxc3+ 7. bxc3 Bd7 8.
Qc2 h6 9. cxd5 exd5 10. Bf4 O-O 11. e3 Nh5 12. Bg3 Nxg3 13. hxg3 Bg4 14. c4
Bxf3 15. gxf3 Re8 16. Be2 dxc4 17. Qxc4 Na5 18. Qc3 c5 19. dxc5 Rc8 20. Rd1 Qc7
21. Rh5 b6 22. Rd4 f6 23. Ba6 Rcd8 24. Kf1 Nc6 25. Rxd8 Rxd8 26. Be2 Ne7 27.
Qc4+ Kf8 28. Qc2 Rd5 29. Rxd5 Nxd5 30. c6 Ne7 31. Bb5 a6 32. Bxa6 Qxc6 33. Qxc6
Nxc6 34. Bb7 Na7 35. a4 Ke7 36. Ke2 Kd6 37. f4 Kc7 38. Bd5 Kd6 39. Bb7 Kc7 40.
Ba8 Kd6 41. Kd3 f5 42. Kd4 Nc8 43. f3 Ne7 44. e4 g5 45. fxg5 hxg5 46. Bd5 fxe4
47. Bxe4 Ng8 48. Bc2 Nf6 49. Bg6 Ke6 50. g4 Kd6 51. f4 gxf4 52. g5 Nd7 53. Bh5
Ke7 54. Ke4 Nc5+ 55. Kf5 Nxa4 56. g6 f3 57. Bxf3 Nc5 58. Kg5 Ne6+ 59. Kh6 Kf8
60. Bc6 Ng7 61. Kh7 Nh5 1/2-1/2

[Event "First Saturday 2009 februar GM"]
[Site "Budapest"]
[Date "2009.02.16"]
[Round "10"]
[White "Farago, Ivan"]
[Black "Szalanczy, Emil"]
[Result "1-0"]
[WhiteElo "2482"]
[BlackElo "2336"]
[PlyCount "77"]
[EventDate "2009.02.07"]

1. d4 c5 2. d5 e6 3. c4 exd5 4. cxd5 d6 5. Nc3 g6 6. e4 Bg7 7. Nf3 Nh6 8. Bf4
O-O 9. Qd2 Ng4 10. h3 Nf6 11. Bd3 Na6 12. O-O Nc7 13. a4 b6 14. Rad1 Bb7 15.
Bc4 Nh5 16. Bh2 Kh8 17. e5 dxe5 18. Nxe5 Qh4 19. Rfe1 Ne8 20. Re4 Qd8 21. Nc6
Qc8 22. Ne7 Qd8 23. Nc6 Qc8 24. Re7 Nhf6 25. Ne5 Nd6 26. Nxg6+ hxg6 27. Bxd6
Qd8 28. Rxb7 Qxd6 29. Nb5 Qe5 30. Re1 Ne4 31. Qc2 f5 32. Nc3 Rae8 33. Bb5 Qf4
34. Bxe8 Bd4 35. Nxe4 Rxe8 36. g3 Qf3 37. Qd2 g5 38. Rh7+ Kg8 39. Qxd4 1-0

[Event "First Saturday 2009 februar GM"]
[Site "Budapest"]
[Date "2009.02.16"]
[Round "10"]
[White "Wittmann, Walter"]
[Black "Nguyen, Huynh M.H"]
[Result "1/2-1/2"]
[WhiteElo "2269"]
[BlackElo "2465"]
[PlyCount "49"]
[EventDate "2009.02.07"]

1. e4 c5 2. Nf3 d6 3. Nc3 a6 4. a4 Nc6 5. Bc4 Nf6 6. b3 e6 7. O-O Nxe4 8. Nxe4
d5 9. d3 dxc4 10. dxc4 Qc7 11. Bg5 f6 12. Bh4 e5 13. Re1 Be7 14. Nc3 Bd8 15.
Bg3 Be6 16. Nd2 Nd4 17. Nd5 Qc6 18. Ne4 O-O 19. f4 exf4 20. Bxf4 b6 21. c3 Nf5
22. Qf3 Kh8 23. Nd6 Bd7 24. Nxf5 Bxf5 25. Bg3 1/2-1/2

[Event "First Saturday 2009 februar GM"]
[Site "Budapest"]
[Date "2009.02.16"]
[Round "10"]
[White "Ludwig, Daniel"]
[Black "Duong, The Anh"]
[Result "1-0"]
[WhiteElo "2421"]
[BlackElo "2418"]
[PlyCount "71"]
[EventDate "2009.02.07"]

1. d4 b6 2. e4 Bb7 3. Bd3 Nf6 4. Nd2 e6 5. Ngf3 c5 6. e5 Nd5 7. dxc5 Bxc5 8. c4
Nf4 9. Be4 Nc6 10. O-O Ng6 11. a3 Qc7 12. b4 Be7 13. Bb2 O-O 14. Re1 f5 15.
exf6 Bxf6 16. Bxg6 hxg6 17. Qc2 Ne7 18. Rad1 Rac8 19. Be5 Bxe5 20. Nxe5 Rf5 21.
Qb2 Rcf8 22. f3 d6 23. Ng4 e5 24. Nf2 g5 25. Nde4 Rd8 26. Qd2 Ng6 27. c5 bxc5
28. bxc5 Bxe4 29. cxd6 Qb6 30. Rxe4 Nf4 31. Rb4 Qa6 32. Qa2+ Kh8 33. Qc2 Ne2+
34. Kh1 Rf4 35. Qc7 Rc8 36. d7 1-0

[Event "First Saturday 2009 februar GM"]
[Site "Budapest"]
[Date "2009.02.17"]
[Round "11"]
[White "Ilincic, Zlatko"]
[Black "Banusz, Tamas"]
[Result "1/2-1/2"]
[WhiteElo "2555"]
[BlackElo "2501"]
[PlyCount "24"]
[EventDate "2009.02.07"]

1. e4 e5 2. Nf3 Nc6 3. Bb5 Nf6 4. O-O Nxe4 5. d4 Nd6 6. Bxc6 dxc6 7. dxe5 Nf5
8. Qxd8+ Kxd8 9. Rd1+ Ke8 10. b3 h6 11. Bb2 Ne7 12. Nbd2 Ng6 1/2-1/2

[Event "First Saturday 2009 februar GM"]
[Site "Budapest"]
[Date "2009.02.17"]
[Round "11"]
[White "Duong, The Anh"]
[Black "Kosic, Dragan"]
[Result "1/2-1/2"]
[WhiteElo "2418"]
[BlackElo "2521"]
[PlyCount "24"]
[EventDate "2009.02.07"]

1. d4 e6 2. c4 Bb4+ 3. Bd2 Bxd2+ 4. Qxd2 Nf6 5. Nc3 d5 6. e3 O-O 7. Nf3 Qe7 8.
Be2 dxc4 9. Bxc4 c5 10. O-O cxd4 11. Qxd4 Nc6 12. Qh4 Bd7 1/2-1/2

[Event "First Saturday 2009 februar GM"]
[Site "Budapest"]
[Date "2009.02.17"]
[Round "11"]
[White "Nguyen, Huynh M.H"]
[Black "Ludwig, Daniel"]
[Result "1/2-1/2"]
[WhiteElo "2465"]
[BlackElo "2421"]
[PlyCount "21"]
[EventDate "2009.02.07"]

1. d4 d5 2. c4 c6 3. Nc3 Nf6 4. cxd5 cxd5 5. Bf4 Nc6 6. e3 Bf5 7. Nf3 e6 8. Bd3
Bxd3 9. Qxd3 Be7 10. O-O O-O 11. Rfc1 1/2-1/2

[Event "First Saturday 2009 februar GM"]
[Site "Budapest"]
[Date "2009.02.17"]
[Round "11"]
[White "Paschall, William M"]
[Black "Farago, Ivan"]
[Result "1/2-1/2"]
[WhiteElo "2354"]
[BlackElo "2482"]
[PlyCount "38"]
[EventDate "2009.02.07"]

1. d4 Nf6 2. Nf3 e6 3. c4 b6 4. g3 Bb7 5. Bg2 Be7 6. Nc3 O-O 7. O-O Ne4 8. Bd2
d5 9. cxd5 exd5 10. Rc1 Nd7 11. Bf4 c5 12. dxc5 Nxc3 13. bxc3 Nxc5 14. c4 dxc4
15. Rxc4 Qxd1 16. Rxd1 Rfd8 17. Rxd8+ Rxd8 18. Rd4 Rxd4 19. Nxd4 Bxg2 1/2-1/2